Fitzgerald. Neuroanatomía clínica y Neurociencia

Đã lưu trong:
Chi tiết về thư mục
Tác giả chính: Mtui, Estomih (autor)
Tác giả khác: Gruener, Gregory (autor), Dockery, Peter (autor)
Định dạng: Sách
Ngôn ngữ:Tiếng Tây Ban Nha
Được phát hành: Barcelona, España Elsevier 2017
Phiên bản:Séptima edición
Những chủ đề:
Truy cập trực tuyến:Disponible Online
Các nhãn: Thêm thẻ
Không có thẻ, Là người đầu tiên thẻ bản ghi này!

MARC

LEADER 00000cam a2200000 a 4500
001 UCC2249
003 CL-VaPUC
005 20231121083529.0
008 180114e20170000sp |||||||||||||||||spa|d
999 |c 370483  |d 370481 
020 |a 9788491131021 
040 |c Pontificia Universidad Católica de Valparaíso 
082 0 4 |a 611.8 MTU 2017  |2 21 
100 |a Mtui, Estomih  |e autor  |9 596367 
245 1 0 |a Fitzgerald.   |b Neuroanatomía clínica y Neurociencia 
250 |a Séptima edición 
260 |a Barcelona, España  |b Elsevier  |c 2017 
300 |a 382 páginas 
583 |c 20200710 
650 0 |a Anatomía  |9 261202 
650 0 |a Sistema nervioso  |9 266815 
650 0 |a Neuronas  |2 CL-VaPUC  |9 369351 
650 0 |a Cerebro humano  |2 CL-VaPUC  |9 502395 
650 0 |a Neurofisiología  |9 342078 
700 |a Gruener, Gregory  |e autor  |9 596368 
700 |a Dockery, Peter  |e autor  |9 596369 
856 |u http://bibliografiadigital.pucv.cl.pucv.idm.oclc.org/index.php/bibliotecapucv/catalog/book/666  |y Disponible Online  
942 |c BK  |2 ddc 
945 |d 20180114 20:51:00  |a arojas 
952 |0 0  |1 0  |2 ddc  |3 erb  |4 0  |6 611_800000000000000_MTU_2017  |7 0  |8 A  |9 486989  |a BIBCUR  |b BIBCUR  |i 5447011  |l 2  |o 611.8 MTU 2017  |p 5447011  |r 2025-04-22  |s 2024-08-21  |t 1  |w 2019-11-24  |y BK  |z Catalogado en:20180114  |k BIO 
952 |0 0  |1 0  |2 ddc  |3 erb  |4 0  |6 611_800000000000000_MTU_2017  |7 0  |8 A  |9 486990  |a BIBCUR  |b BIBCUR  |i 544702K  |l 2  |m 2  |o 611.8 MTU 2017  |p 544702K  |r 2025-04-22  |s 2024-08-27  |t 2  |w 2019-11-24  |y BK  |z Catalogado en:20180114  |k BIO 
952 |0 0  |1 0  |2 ddc  |3 erb  |4 0  |6 611_800000000000000_MTU_2017  |7 0  |8 A  |9 486991  |a BIBCUR  |b BIBCUR  |i 5447038  |l 11  |m 6  |o 611.8 MTU 2017  |p 5447038  |r 2025-04-22  |s 2024-08-21  |t 3  |w 2019-11-24  |y BK  |z Catalogado en:20180114  |k BIO 
952 |0 0  |1 0  |2 ddc  |3 erb  |4 0  |6 611_800000000000000_MTU_2017  |7 0  |8 A  |9 486992  |a BIBCUR  |b BIBCUR  |i 5447046  |l 1  |o 611.8 MTU 2017  |p 5447046  |r 2025-04-22  |s 2023-09-25  |t 4  |w 2019-11-24  |y BK  |z Catalogado en:20180114  |k BIO 
952 |0 0  |1 0  |2 ddc  |3 erb  |4 0  |6 611_800000000000000_MTU_2017  |7 0  |8 A  |9 486993  |a BIBCUR  |b BIBCUR  |i 5521793  |l 11  |m 4  |o 611.8 MTU 2017  |p 5521793  |r 2025-04-22  |s 2024-10-08  |t 5  |w 2019-11-24  |y BK  |z Catalogado en:20181207  |k BIO 
952 |0 0  |1 0  |2 ddc  |3 erb  |4 0  |6 611_800000000000000_MTU_2017  |7 0  |8 A  |9 486994  |a BIBCUR  |b BIBCUR  |i 5521785  |l 3  |m 1  |o 611.8 MTU 2017  |p 5521785  |r 2025-04-22  |s 2023-09-25  |t 6  |w 2019-11-24  |y BK  |z Catalogado en:20181207  |k BIO 
952 |0 0  |1 0  |2 ddc  |3 erb  |4 0  |6 611_800000000000000_MTU_2017  |7 0  |8 A  |9 486995  |a BIBCUR  |b BIBCUR  |i 5521777  |l 2  |o 611.8 MTU 2017  |p 5521777  |r 2025-04-22  |s 2023-09-06  |t 7  |w 2019-11-24  |y BK  |z Catalogado en:20181207  |k BIO 
952 |0 0  |1 0  |2 ddc  |3 erb  |4 0  |6 611_800000000000000_MTU_2017  |7 0  |8 A  |9 486996  |a BIBCUR  |b BIBCUR  |i 5521769  |l 11  |m 2  |o 611.8 MTU 2017  |p 5521769  |r 2025-04-22  |s 2024-09-26  |t 8  |w 2019-11-24  |y BK  |z Catalogado en:20181207  |k BIO 
952 |0 0  |1 0  |2 ddc  |3 erb  |4 0  |6 611_800000000000000_MTU_2017  |7 0  |8 A  |9 486997  |a BIBCUR  |b BIBCUR  |i 5521750  |l 5  |m 2  |o 611.8 MTU 2017  |p 5521750  |r 2025-04-22  |s 2024-09-03  |t 9  |w 2019-11-24  |y BK  |z Catalogado en:20181207  |k BIO 
952 |0 0  |1 0  |2 ddc  |3 erb  |4 0  |6 611_800000000000000_MTU_2017  |7 0  |8 A  |9 486998  |a BIBCUR  |b BIBCUR  |i 5521742  |l 2  |m 2  |o 611.8 MTU 2017  |p 5521742  |r 2025-04-22  |s 2024-08-12  |t 10  |w 2019-11-24  |y BK  |z Catalogado en:20181207  |k BIO 
952 |0 0  |1 0  |2 ddc  |3 erb  |4 0  |6 611_800000000000000_MTU_2017  |7 0  |8 A  |9 486999  |a BIBCUR  |b BIBCUR  |e 17  |g 35826.00  |i 5552419  |l 6  |o 611.8 MTU 2017  |p 5552419  |q 2026-03-18  |r 2025-03-18  |s 2025-03-18  |t 11  |v 35826.00  |w 2019-11-24  |y BK  |z Catalogado en:20190617  |k BIO 
952 |0 0  |1 0  |2 ddc  |3 erb  |4 0  |6 611_800000000000000_MTU_2017  |7 0  |8 A  |9 487000  |a BIBCUR  |b BIBCUR  |e 17  |g 35826.00  |i 5552400  |l 3  |m 3  |o 611.8 MTU 2017  |p 5552400  |r 2025-04-22  |s 2024-09-23  |t 12  |v 35826.00  |w 2019-11-24  |y BK  |z Catalogado en:20190617  |k BIO 
952 |0 0  |1 0  |2 ddc  |3 erb  |4 0  |6 611_800000000000000_MTU_2017  |7 0  |8 A  |9 487001  |a BIBCUR  |b BIBCUR  |e 17  |g 35826.00  |i 5552397  |l 12  |m 5  |o 611.8 MTU 2017  |p 5552397  |r 2025-04-22  |s 2024-10-09  |t 13  |v 35826.00  |w 2019-11-24  |y BK  |z Catalogado en:20190617  |k BIO 
952 |0 0  |1 0  |2 ddc  |3 erb  |4 0  |6 611_800000000000000_MTU_2017  |7 0  |8 A  |9 487002  |a BIBCUR  |b BIBCUR  |e 17  |g 35826.00  |i 5552389  |l 12  |m 7  |o 611.8 MTU 2017  |p 5552389  |r 2025-04-22  |s 2024-09-02  |t 14  |v 35826.00  |w 2019-11-24  |y BK  |z Catalogado en:20190617  |k BIO